Responses for Show #4422 - Tuesday, November 25, 2003

Game data retrieved from an alternate archive.

Contestants

[<< previous game]

Joe Holtzmann, a teacher from Wahiawa, Hawaii

Karen Kratzer, a tax accountant from Annapolis, Maryland

Scott Troy, a student from Highland Park, Illinois (whose 2-day cash winnings total $15,600)

[next game >>]

Jeopardy! Round responses

WE "LOVE" LITERATURE
THE BOYS IN THE BAND
POTPOURRI
& IN THIS CORNER
THE FOOD BIZ
COMIN' UP SHORT
    $200 15
Love Story

Karen
    $200 1
Nirvana

Scott
    $200 3
Guys and Dolls

Triple Stumper
    $200 10
the Highland Scots

Karen
    $200 17
Green Giant

Joe
    $200 4
a dozen

Karen
    $400 16
H.P. Lovecraft

Triple Stumper
    $400 2
U2

Joe
    $400 13
Sherlock Holmes

Karen
    $400 11
Athens

Karen
    $400 22
Breyer's & Dreyer's

Karen
    $400 5
afternoon

Triple Stumper
    $600 26
The Love Machine

Triple Stumper
    $600 7
The Who

Joe
    $600 14
buttercups

Triple Stumper
    $600 12
(Karen: What is Denmark?)

Germany

Karen
Triple Stumper
    $600 23
Lean Cuisine

Karen
    $600 6
warehouse

Scott
    $800 30
Love in the Time of Cholera

Karen
    $800 8
the Sex Pistols

Scott
    $800 18
rubber

Joe
    $800 20
the Moors

Triple Stumper
    $800 24
Chex

Karen
    $800 28
(Joe: What is a manger?)

Monsignor

KarenJoe
    $1000 29
The Loved One

Triple Stumper
    $1000 9
Mötley Crüe

Scott
    $1000 19
Czechoslovakia

Joe
    $1000 21
Carthage

Triple Stumper
    $1000 25
Ore-Ida

Triple Stumper
    $1000 27
a nanosecond

Scott

Scores at the first commercial break (after clue 15):

Scott Karen Joe
$2,600 $800 $1,000

Scores at the end of the Jeopardy! Round:

Scott Karen Joe
$3,600 $4,200 $2,200

Double Jeopardy! Round responses

STATES BY COUNTY
'90s MOVIE CHARACTERS
CALTECH
2-LETTER WORDS
BUSH MEN
OF THE KALAHARI
    $400 7
Virginia

Karen
    $400 2
Bela Lugosi

Scott
    $400 11
physics

Joe
    $400 1
It

Scott
    $400 17
ambassador

Karen
    $400 20
a swamp

Karen
    $800 8
Massachusetts

Joe
    $800 3
Rose

Karen
    $800 12
RDAs (Recommended Daily Allowances)

Karen
    $800 9
Oz

Scott
    $800 18
(Scott: Who is George Herbert Walker Bush?)

Dick Cheney

ScottKaren
    $800 21
antelopes

Triple Stumper
    $1200 13
Arizona

Karen
    $1200 4
Cher

Scott
    $1200 24
a racehorse

Triple Stumper
    $1200 10
op

Triple Stumper
    $1200 19
Axis of Evil

Scott
    $1200 26
sand dunes

Triple Stumper
    $1600 14
Michigan

Karen
    $1600 5
Reservoir Dogs

Scott
    $1600 29
Linus Pauling

Triple Stumper
    $1600 16
Go

Karen
    $1600 22
Ari Fleischer

Scott
    $1,000 27
(Joe: Who is Burton?)

Dr. Livingstone

Joe
    $2000 15
Maine

Karen
    $2000 6
Edward I (Edward Longshanks)?

Triple Stumper
    $2,000 30
pH

Joe
    $2000 23
Ur

Joe
    $2000 25
Miguel Estrada

Triple Stumper
    $2000 28
Namibia

Joe

Scores at the end of the Double Jeopardy! Round:

Scott Karen Joe
$10,000 $14,200 $8,400

[wagering suggestions for these scores]

Final Jeopardy! Round responses

RELIGION
[Final Jeopardy responses approximate.]
JoeWhat is Cyprus?
$2,600
Scott(Scott: What is :) ?)
$47
KarenWhat is Cyprus?
$5,801
Cyprus

Final scores:

Scott Karen Joe
$9,953 $20,001 $11,000
3rd place: $1,000 New champion: $20,001 2nd place: $2,000

Game dynamics:

Coryat scores:

Scott Karen Joe
$10,000 $14,200 $9,400
12 R,
1 W
20 R
(including 1 DD),
1 W
10 R
(including 1 DD),
2 W
(including 1 DD)

Combined Coryat: $33,600

[game clues] [game scores] [suggest correction]

Game tape date: 2003-08-27
The J! Archive is created by fans, for fans. Scraping, republication, monetization, and malicious use prohibited; this site may use cookies and collect identifying information. See terms. The Jeopardy! game show and all elements thereof, including but not limited to copyright and trademark thereto, are the property of Jeopardy Productions, Inc. and are protected under law. This website is not affiliated with, sponsored by, or operated by Jeopardy Productions, Inc. Join the discussion at JBoard.tv.